00536nam a2200145 i 450000100060000000300090000600500170001500700030003200800410003510000430007624501760011926000460029565000260034185200230036743494ES-MaACL20250807210530.0t|030318s1869 sp ||||1| spa d1 aCastro y Pérez, Francisco Javier de.13aLa educación de la mujer b: discurso inaugural de las conferencias dominicales en la Universidad Central el 21 de febrero 1869 / cFrancisco Javier de Castro y Pérez. aMadrid : b[s.n., c1869] (fRivadeneyra) 4aMujeres-xEducación aES-MaACLjF-96-F-5